| 000 | 03656njm0a2200385 4500 | ||
|---|---|---|---|
| 001 | RU\NLR\ONIZ\216421 | ||
| 005 | 20250708192738.0 | ||
| 035 | _a(NLR Aleph) 011338759 | ||
| 071 | 0 | 0 | _aSMC CD 0050 |
| 090 |
_a13283484 _c13283484 |
||
| 100 | _a20170215d2013 |||y0rusy50 ca | ||
| 102 | _aRU | ||
| 126 |
_aaguxhxu ux _bxxx |
||
| 127 | _a000050 | ||
| 135 | _ahonoannnanndn | ||
| 200 | 1 |
_a[Играет] Святослав Рихтер, фп. _bЗвукозапись |
|
| 210 |
_aМосква _cМосковская государственная консерватория _d2013 |
||
| 215 |
_a1 зв. диск (50 мин), в футл. _eприл. (11 с.) |
||
| 300 | _aЗаписи 1957, 1958 гг. | ||
| 327 | 1 |
_a1. Концерт № 1 для фортепиано с оркестром : ре мин. : BWV 1052 / И. С. Бах ; сопровожд.: Гос. симфонический оркестр СССР, дир. К. Зандерлинг. _a2. Концерт № 5 для фортепиано с оркестром : соль мин. : op. 55 / С. С. Прокофьев ; сопровожд. : Гос. симфонический оркестр СССР, дир. К. Сильвестри |
|
| 464 | 0 |
_12001#$aКонцерт № 1 для фортепиано с оркестром$eре мин.$eBWV 1052$fИ. С. Бах$gсопровожд.: Гос. симфонический оркестр СССР, дир. К. Зандерлинг _16061#$aКонцерты для фортепиано с оркестром$xЗвукозапись$yГермания$z18 в.$2nlr_sh _1686##$aЩ954.2-042(4Г)$vLBC/SL$2rubbk _1700#1$9z01790$aБах$bИ. С.$gИоганн Себастьян$f1685-1750$4230$7ca _1702#1$9z01790$aЗандерлинг$bК.$gКурт$cдирижер$f1912-2011$4250$7ca _171202$aГосударственный симфонический оркестр СССР$4590$7ca _1790#1$9z01700$aBach$bJ. S.$gJohann Sebastian$f1685-1750$4230$7ba _1790#1$9z01702$aSanderling$bK.$gKurt$cconductor$f1912-2011$4250$7ba _tКонцерт № 1 для фортепиано с оркестром _aБах, Иоганн Себастьян (1685-1750) |
|
| 464 | 0 |
_12001#$aКонцерт № 5 для фортепиано с оркестром$eсоль мин.$eop. 55$fС. С. Прокофьев$gсопровожд. : Гос. симфонический оркестр СССР, дир. К. Сильвестри _16061#$aКонцерты для фортепиано с оркестром$xЗвукозапись$yРоссия$z20 век$2nlr_sh _1686##$aЩ954.2-042(28)$vLBC/SL$2rubbk _1700#1$9z01790$aПрокофьев$bС. С.$gСергей Сергеевич$f1891-1953$4230$7ca _1702#1$9z01790$aСильвестри$bК.$gКонстантин$cдирижер$f1913-1969$4250$7ca _1790#1$9z01700$aProkofiev$bS. S.$gSergej Sergeevich$f1891-1953$4230$7ba _1790#1$9z01702$aSilvestry$bC.$gConstantin$4250$7ba _tКонцерт № 5 для фортепиано с оркестром _aПрокофьев, Сергей Сергеевич (1891-1953) |
|
| 606 | 1 |
_aИсполнительское искусство пианисты _xЗвукозапись _yРоссия _z20 век _2nlr_sh |
|
| 686 |
_aЩ954.2, 8(2) _vLBC/SL _2rubbk |
||
| 700 | 1 |
_9z01790 _aРихтер _bС.Т. _f1915-1997 _gСвятослав Теофилович _4590 _4kfp |
|
| 790 | 1 |
_9z01700 _aRixter _bS. _f1915-1997 _gSvyatoslav _4590 _4kfp _7ba |
|
| 801 | 0 |
_aRU _bNLR _c20170215 _gPSBO |
|
| 801 | 1 |
_aRU _bNLR _c20170215 _2rusmarc |
|
| 801 | 2 |
_aRU _bNLR _c20210202 |
|
| 852 |
_aNLR _bМг _jД/2098 _p4264 _t1 |
||
| 942 | _cREC | ||
| 980 | _aNB | ||
| 980 | _aONIZ | ||